[Event "American Continental 03rd"]
[Site "Buenos Aires"]
[Date "2005.08.15"]
[Round "10"]
[White "Needleman, Alejandro"]
[Black "Morinongeli, Martin"]
[Result "1/2-1/2"]
[WhiteElo "2394"]
[BlackElo "2119"]
[PlyCount "79"]
[EventDate "2005.08.06"]
[EventType "swiss"]
[EventRounds "11"]
[EventCountry "ARG"]
[SourceTitle "CBM 107 Extra"]
[Source "ChessBase"]
[SourceDate "2005.09.01"]
[SourceVersion "1"]
[SourceVersionDate "2005.09.01"]
[SourceQuality "1"]

1. g3 d5 2. Bg2 Nf6 3. d3 Bf5 4. Nd2 Nbd7 5. e4 dxe4 6. dxe4 Bg6 7. f4 e6 8. Qe2 Be7 9. Ngf3 0-0 10. 0-0 c6 11. Kh1 b5 12. h3 Qc7 13. b3 a5 14. Bb2 a4 15. Ne5 a3 16. Bc3 Rad8 17. Rad1 Rfe8 18. Qf3 Nxe5 19. Bxe5 Qa5 20. Bc3 b4 21. Bxf6 Bxf6 22. Nc4 Qc5 23. Rxd8 Bxd8 24. f5 exf5 25. exf5 Bxf5 26. Qxf5 Qxf5 27. Rxf5 Re1+ 28. Rf1 Re2 29. Rd1 Bf6 30. Bxc6 Rxc2 31. Rd2 Rc1+ 32. Kg2 g6 33. Bd5 Kg7 34. Rf2 Ra1 35. g4 Bd4 36. Rxf7+ Kh8 37. Rf8+ Kg7 38. Rf7+ Kh8 39. Rf8+ Kg7 40. Rf7+ 1/2-1/2

[Event "American Continental 03rd"]
[Site "Buenos Aires"]
[Date "2005.08.14"]
[Round "9"]
[White "Morinongeli, Martin"]
[Black "D'Arruda, Ricardo D"]
[Result "1-0"]
[WhiteElo "2119"]
[BlackElo "2320"]
[PlyCount "79"]
[EventDate "2005.08.06"]
[EventType "swiss"]
[EventRounds "11"]
[EventCountry "ARG"]
[SourceTitle "CBM 107 Extra"]
[Source "ChessBase"]
[SourceDate "2005.09.01"]
[SourceVersion "1"]
[SourceVersionDate "2005.09.01"]
[SourceQuality "1"]

1. Nf3 d5 2. c4 c6 3. g3 Nf6 4. b3 g6 5. Bb2 Bg7 6. Bg2 0-0 7. 0-0 Nbd7 8. d3 Re8 9. cxd5 cxd5 10. Nc3 b6 11. Rc1 Bb7 12. Rc2 Rc8 13. Qb1 a6 14. Rfc1 e5 15. Na4 Rxc2 16. Qxc2 Qa8 17. Qd2 e4 18. Ne1 Rc8 19. b4 Bc6 20. Qc2 b5 21. Nc5 e3 22. f4 Nxc5 23. bxc5 h5 24. Bd4 h4 25. Qb2 Nh5 26. g4 Bxd4 27. Qxd4 Ng7 28. Nf3 h3 29. Bxh3 Re8 30. g5 a5 31. Bg4 b4 32. Qf6 a4 33. Ne5 Rxe5 34. Qxe5 b3 35. axb3 axb3 36. Qb2 Qb8 37. Qd4 Qa7 38. Rb1 Qa2 39. Qb2 Qa4 40. Qxb3 1-0

[Event "Mar del Plata op 34th"]
[Site "Mar del Plata"]
[Date "2003.04.18"]
[Round "8"]
[White "Lujan, Carolina"]
[Black "Morinongeli, Martin"]
[Result "1-0"]
[WhiteElo "2263"]
[BlackElo "2143"]
[PlyCount "45"]
[EventDate "2003.04.12"]
[EventType "swiss"]
[EventRounds "9"]
[EventCountry "ARG"]
[SourceTitle "CBM 093 Extra"]
[Source "ChessBase"]
[SourceDate "2003.05.09"]
[SourceVersion "1"]
[SourceVersionDate "2003.05.09"]
[SourceQuality "1"]

1. e4 c5 2. Nf3 e6 3. d4 cxd4 4. Nxd4 a6 5. Nc3 Qc7 6. Be2 Nc6 7. 0-0 Nf6 8. Kh1 Nxd4 9. Qxd4 Bc5 10. Qd3 b5 11. f4 Bb7 12. Bf3 h5 13. e5 Ng4 14. Bxb7 Qxb7 15. Ne4 Be7 16. Qf3 Rb8 17. Bd2 0-0 18. Rae1 Rfc8 19. f5 Bf8 20. h3 Nxe5 21. Qxh5 f6 22. fxe6 dxe6 23. Rxf6 1-0